| 000 | 00710npc a2200217Ia 4500 | ||
|---|---|---|---|
| 001 | onu3-900 [d000000825] | ||
| 003 | IT-MiCISF | ||
| 008 | 161014s9999||||xx | und|| | ||
| 040 |
_aIT-MiCISF _cIT-MiCISF |
||
| 041 | _aen | ||
| 100 | _aAA.VV. | ||
| 240 | _aRegional Plans of Action 1983 | ||
| 245 | 0 |
_aRegional Plans of Action 1983 _bAfrica, Asia and the Pacific, Europe, Latin America, Western Asia |
|
| 250 | _a1a ed. | ||
| 260 |
_a Vienna _bONU _c1985 |
||
| 300 | _app. 98 | ||
| 500 | _aDepartment of International Econimic and Social Affairs / giovani, politica-giovanile, stratificazione-sociale, comparazione / | ||
| 650 | _aetà -evolutiva | ||
| 942 | _cDD | ||
| 957 | _71 | ||
| 999 |
_a900 _bsi _g1 _c205968 _d205968 |
||